header

Microsoft Silverlight 5 data and services cookbook (Record no. 198475)

MARC details
000 -LEADER
fixed length control field 01365nam a2200337 a 4500
100 1# - MAIN ENTRY--AUTHOR NAME
Personal name Cleeren, Gill.
245 10 - TITLE STATEMENT
Title Microsoft Silverlight 5 data and services cookbook
250 ## - EDITION STATEMENT
Edition statement 2nd ed.
260 ## - PUBLICATION, DISTRIBUTION, ETC. (IMPRINT)
Place of publication Birmingham [England] :
Name of publisher Packt Pub.,
Year of publication 2012.
300 ## - PHYSICAL DESCRIPTION
Number of Pages v, 644 p. :
Other physical details ill. (some col.).
490 0# - SERIES STATEMENT
Series statement Quick answers to common problems
500 ## - GENERAL NOTE
General note Includes index.
650 #0 - SUBJECT ADDED ENTRY--TOPICAL TERM
Topical Term Application software.
Topical Term Microsoft software.
700 1# - ADDED ENTRY--PERSONAL NAME
Personal name Dockx, Kevin.
856 40 - ELECTRONIC LOCATION AND ACCESS
Uniform Resource Identifier http://site.ebrary.com/lib/rucke/Doc?id=10555103

No items available.

© 2026 Rongo University
Contact us: librarian | system librarian | Rongo university